000 00939nam a2200253Ia 4500
003 OSt
005 20220923215636.0
006 a|||||r|||| 00| 0
007 ta
008 220922b |||||||| |||| 00| 0 hin d
024 _a180,513
037 _cTextual
040 _aARTS
_cARTS
_bhin
041 _2hin
_ahin
082 _aO152,1J90,11:g, K2
100 _aश्रीवास्तव, स्नेहलता
245 0 _aनंददास का भंवरगीत
_b विवेचन और विश्लेषण
246 _aNandadās kā bhanvaragīta: vivechan aur vishleṣhaṇa
260 _aकानपुर
_b चेतना प्रकाशन
_c1962
300 _a192 पृ.
_ccm.
650 _aहिन्दी साहित्य
_9156264
942 _hO152,1J90,11:g, K2
_cTEXL
_2CC
999 _c333891
_d333891